[Event "Zwettl op"]
[Site "Zwettl"]
[Date "2012.07.27"]
[Round "7"]
[White "Noebauer, Klaus"]
[Black "Weinstabl, Tobias"]
[Result "1-0"]
[WhiteElo "1729"]
[BlackElo "1054"]
[PlyCount "51"]
[EventDate "2012.07.21"]
[EventType "swiss"]
[EventRounds "9"]
[EventCountry "AUT"]
[SourceTitle "CBM 149 Extra"]
[Source "ChessBase"]
[SourceDate "2012.08.24"]
[SourceVersion "1"]
[SourceVersionDate "2012.08.24"]
[SourceQuality "1"]

1. e4 e5 2. Bc4 Nf6 3. d3 a6 4. f4 Nc6 5. Nf3 d6 6. 0-0 b5 7. Bb3 Bg4 8. Qe1 Bxf3 9. Rxf3 Nd4 10. Rf1 Nxb3 11. axb3 c5 12. Nd2 Qe7 13. fxe5 Qxe5 14. Nf3 Qe7 15. Bg5 h6 16. Bh4 Qd8 17. e5 dxe5 18. Nxe5 Be7 19. Qe2 0-0 20. Nc6 Qc7 21. Nxe7+ Kh8 22. Bxf6 gxf6 23. Rxf6 Rae8 24. Rxh6+ Kg7 25. Nf5+ Kg8 26. Qg4# 1-0

[Event "Waldviertler-ch"]
[Site "Litschau"]
[Date "2005.06.11"]
[Round "3"]
[White "Noebauer, Klaus"]
[Black "Prinz, Nikolaus"]
[Result "1/2-1/2"]
[WhiteElo "1725"]
[BlackElo "1751"]
[PlyCount "37"]
[EventDate "2005.06.09"]
[EventType "swiss"]
[EventRounds "5"]
[EventCountry "AUT"]
[SourceTitle "EXT 2006"]
[Source "ChessBase"]
[SourceDate "2005.11.24"]
[SourceVersion "1"]
[SourceVersionDate "2005.11.24"]
[SourceQuality "1"]

1. e4 c6 2. f4 d5 3. e5 e6 4. d4 c5 5. c3 Nc6 6. Nf3 a6 7. Be2 g6 8. Be3 c4 9. Nbd2 Bd7 10. Qc2 Nge7 11. b3 b5 12. 0-0 Nf5 13. Bf2 Be7 14. a4 0-0 15. Ra2 Qb8 16. Rfa1 Qb7 17. Rb1 Qc7 18. Rba1 Ra7 19. a5 1/2-1/2